| Tag |
First Indicator |
Second Indicator |
Subfields |
| LEADER |
00000pam a2200000 a 4500 |
| 001 |
in00000557139 |
| 005 |
20151014054312.0 |
| 008 |
840515s1985 caua b 00110 eng |
| 010 |
|
|
|a 84012054
|
| 020 |
|
|
|a 0534037895 :
|c $24.95
|
| 035 |
|
|
|a (OCoLC)10799082
|
| 035 |
|
|
|9 ACK5219AM
|
| 039 |
0 |
|
|a 2
|b 3
|c 3
|d 3
|e 3
|
| 040 |
|
|
|a DLC
|c DLC
|d TXA
|d UtOrBLW
|
| 049 |
|
|
|a TXAM
|c [A08385867]
|
| 050 |
0 |
0 |
|a HV41
|b .K47 1985
|
| 082 |
0 |
|
|a 361.3/068
|2 19
|
| 100 |
1 |
|
|a Kettner, Peter M.,
|d 1936-
|
| 245 |
1 |
0 |
|a Initiating change in organizations and communities :
|b a macro practice model /
|c Peter M. Kettner, John M. Daley, Ann Weaver Nichols.
|
| 264 |
|
1 |
|a Monterey, Calif. :
|b Brooks/Cole Pub. Co.,
|c [1985]
|
| 264 |
|
4 |
|c ©1985
|
| 300 |
|
|
|a x, 321 pages :
|b illustrations ;
|c 24 cm.
|
| 336 |
|
|
|a text
|b txt
|2 rdacontent
|
| 337 |
|
|
|a unmediated
|b n
|2 rdamedia
|
| 338 |
|
|
|a volume
|b nc
|2 rdacarrier
|
| 504 |
|
|
|a Includes bibliographies and index.
|
| 650 |
|
0 |
|a Social work administration
|x Study and teaching
|z United States.
|
| 650 |
|
0 |
|a Community organization
|x Management
|x Study and teaching
|z United States.
|
| 650 |
|
0 |
|a Social work education.
|
| 650 |
|
0 |
|a Organizational change.
|
| 700 |
1 |
|
|a Daley, John M.,
|d 1938-
|
| 700 |
1 |
|
|a Nichols, Ann Weaver,
|d 1942-
|
| 999 |
|
|
|a MARS
|
| 999 |
f |
f |
|s 21a840b6-d545-3355-9146-e3c7a8857c93
|i 6be6bbbb-109f-308f-b38b-5cf468b4d758
|t 0
|
| 952 |
f |
f |
|p ric
|a Texas A&M University
|b Rellis Campus
|c Joint Library Facility
|d Remote Storage
|t 0
|e HV41 .K47 1985
|h Library of Congress classification
|i unmediated -- volume
|m A14808385867
|
| 998 |
f |
f |
|a HV41 .K47 1985
|t 0
|l Remote Storage
|